000 00715cab a2200181 4500
001 ##L132924
008 060323n2006 000 0 eng u
035 _a(Sirsi) u132924
041 0 _aeng
100 1 _aDzakula, Peter
245 0 0 _aWe need closure
260 _c2006
490 0 _aBuilding
_v271(8422) 17 March 2006, 60(1)
520 _aArgues for the appointment of an independent project manager in PFI contracts whose role would be to prepare and monitor a detailed programme, and ensure compliance with it. He would also act as a document manager, using an extranet or dedicated website, and hold regular overview meetings.
590 _aIKA280306
690 _aProject management
_96261
942 _n0
999 _c76694
_d76694